00786nam a2200205 i 4500001000700000003000900007005001700016008004100033080001000074100002100084245021500105260004200320300002200362490003100384650002500415700002300440700002000463830003100483852006600514171780ES-MaACL20230906214729.0090529s1980 fr |||| | fre d a782.11 aSlater, Montagu.10aPeter Grimes b: an opéra in three acts and a prologue = opéra en trois actes et un prologue / cmusique de Benjamin Britten ; livret de Montagu Slater, d'après le poème de Georges Crabbe "The Borough". aParis : bGérard Billaudot, c1980. a137 p. ; c18 cm.1 aOpéra de Paris. Bilingue 4aÓperas-vLibretos.1 aBritten, Benjamin.1 aCrabbe, George.0 aOpéra de Paris. Bilingue4 aES-MaACLjE-12691 z. - Biblioteca Jacinto Martínez Lacalle